Sborník vědeckých prací Vysoké školy báňské v Ostravě. Řada společenských věd

Korporativní autor: Vysoká škola báňská - Technická univerzita Ostrava
Jazyk: Čeština
Vydáno: Praha : Státní pedagogické nakladatelství, 1969-
Fyzický popis: ^^^sv. ; 24 cm
Odebírané ročníky: 1969
Noviny a časopisy
Uloženo v:
LEADER 00845nas a22001932a 4500
001 000548616
003 CZ BrMZK
005 20020215113920.0
008 010907u1969 xr cze d
040 |a BOA001  |b cze 
240 1 0 |a Sborník vědeckých prací Vysoké školy báňské v Ostravě (Řada společenských věd) 
245 0 0 |a Sborník vědeckých prací Vysoké školy báňské v Ostravě.  |n Řada společenských věd 
260 |a Praha :  |b Státní pedagogické nakladatelství,  |c 1969- 
300 |a ^^^sv. ;  |c 24 cm 
310 |a Nepravidelně 
710 2 |a Vysoká škola báňská - Technická univerzita Ostrava  |7 kn20010709483 
910 |a BOA001  |b 02762-0422.121,Ř.společ.věd  |r 1969 
990 |a SE 
996 6 |b 2619701228  |c 02762-0422.121,Ř.společ.věd  |d 1969 15  |v 15  |y 1969  |l MZK  |r Sklad / do 1 hodiny  |n 0  |w 000548616  |u 000010  |a 1  |e BOA001  |j MZK50  |s P